Ferrovie Suburbane di Milano - Statistics

Statistiche generali
  • Questo quiz è stato fatto 111 volte
  • Il punteggio medio è 72 su 161
Statistiche sulle risposte
Linea Stazioni % Corretto
S5 | S6 Rho
94%
Porta Garibaldi
90%
Porta Venezia
86%
S9 Lambrate
83%
Rogoredo
83%
Nord Bovisa
80%
Dateo
79%
S11 | S7 | S8 | S9 Monza
79%
S9 Porta Romana
77%
Repubblica
76%
S11 | S7 | S8 | S9 Milano Greco Pirelli
74%
Porta Vittoria
74%
Forlanini
73%
Lancetti
71%
Domodossola
67%
S11 | S7 | S8 | S9 Sesto San Giovanni
67%
S11 | S5 | S6 Milano Certosa
66%
S1 | S3 Milano Quarto Oggiaro
64%
S5 | S6 Pioltello-Limito
63%
S11 | S5 | S6 Rho Fiera
63%
S9 Romolo
61%
S5 | S6 Segrate
59%
Villapizzone
59%
S5 Busto Arsizio
57%
S11 | S9 Lissone-Muggiò
57%
S9 San Cristoforo
56%
S5 Legnano
54%
S11 | S9 Desio
53%
S2 | S4 Affori
51%
S1 | S12 San Donato Milanese
51%
S11 | S9 Seregno
51%
S9 Corsico
50%
S1 Melegnano
50%
S5 Gallarate
49%
S1 | S3 | S9 Saronno Sud
49%
S2 | S4 Cormano-Cusano Milanino
47%
S1 | S3 Garbagnate Milanese
47%
S6 Magenta
47%
S5 | S6 Melzo
47%
S1 | S3 Novate Milanese
47%
S11 Como San Giovanni
46%
S1 | S12 San Giuliano Milanese
46%
S8 Arcore
44%
S2 | S4 Paderno Dugnano
44%
S2 | S4 | S9 Cesano Maderno
43%
S13 Certosa di Pavia
41%
S9 Seveso-Baruccana
41%
S1 | S3 Bollate Centro
40%
S1 | S3 Bollate Nord
40%
S11 Cantù-Cermenate
40%
S8 Carnate-Usmate
40%
S9 Cesano Boscone
40%
S2 | S4 Seveso
40%
S2 | S4 Milano Bruzzano
39%
S11 Camnago-Lentate
39%
S1 | S3 Caronno Pertusella
39%
S13 Pieve Emanuele
39%
S11 Albate-Camerlata
37%
S5 | S6 Cassano d'Adda
37%
S7 Monza Sobborghi
37%
S6 Vittuone-Arluno
37%
S9 Ceriano Laghetto-Solaro
36%
S13 Locate Triulzi
36%
S5 Parabiago
36%
S2 Meda
34%
S6 Trecate
34%
S5 Vanzago-Pogliano
34%
S8 Cernusco-Merate
33%
S1 | S3 Cesate
33%
S9 Trezzano sul Naviglio
33%
S8 Calolziocorte-Olginate
31%
S5 Canegrate
31%
S9 Gaggiano
31%
S3 Garbagnate Parco delle Groane
31%
S7 Villasanta
31%
S1 | S12 Borgolombardo
30%
S1 San Zenone al Lambro
30%
S2 | S4 Bovisio Masciago-Mombello
29%
S6 Corbetta-Santo Stefano Ticino
29%
S7 Molteno
29%
S6 Pregnana Milanese
29%
S2 | S4 Varedo
29%
S5 | S6 Vignate
29%
S5 Albizzate-Solbiate Arno
27%
S1 Tavazzano
27%
S5 Cavaria-Oggiona-Jerago
26%
S8 Olgiate-Calco-Brivio
26%
S5 | S6 Pozzuolo Martesana
26%
S5 | S6 Trecella
26%
S13 Villamaggiore
24%
S7 Besana
23%
S5 Castronno
23%
S1 Garbagnate Parco delle Groane
23%
S5 Gazzada-Schianno-Morazzone
23%
S2 | S4 Palazzolo Milanese
23%
S7 Valmadrera
23%
S7 Civate
20%
S7 Costa Masnaga
20%
S8 Lecco Maggianico
20%
S7 Oggiono
20%
S7 Sala al Barro-Galbiate
19%
S7 Triuggio-Ponte Albiate
19%
S7 Biassono-Lesmo Parco
17%
S2 Cabiate
17%
S11 Carimate
17%
S7 Renate-Veduggio
17%
S11 Cucciago
16%
S7 Villa Raverio
16%
S8 Airuno
14%
S7 Carate-Calò
14%
S7 Macherio-Canonica
14%
S8 Osnago
14%
S7 Buttafava
13%
S7 Cassago-Nibionno-Bulciago
11%
Nessun quiz corrispondente trovato
Distribuzione punteggi
Percentuale di utenti per punteggio
Percentile per numero di risposta
I tuoi punteggi nel tempo
Non hai fatto questo quiz